01082 2200301 4500001002100000008004100021035002000062245006000082100001800142250000600160260003400166300001300200020002200213084001400235520039000249082000800639650001300647990001200660990001200672990001200684990001200696990001200708990001200720990001200732990001200744990001200756990001200768INLIS000000000000017 ind  a0010-0324000017 aKisah, Perjuangan & Inspirasi B.J.HabibiecWeda S. Atma aS. Atma, Weda a1 aYogyakarta :bChecklistc2020 a236 hlm. a978-602-6763-98-3 a900 WED k aKISAH, PERJUANGAN & INSPIRASI ini diterbitkan sebagai uapaya untuk menyebarkan semangat dan optimisme, seperti semangat belajar, berbisnis, meniti karir, menaklukan tantangan, dan sebagainya. Harapannya, dapat terbentuk generasi yang optimis, penuh semangat, dan pantang menyerah. Dimulai dari membangun diri sendiri, kelluarga, dan akhirnya bangsa dan negara. Semangat untuk Indonesia a900 aBiografi a0744851 a0744852 a0744853 a0744854 a0744855 a0744856 a0744857 a0744858 a0744859 a0744860